000 00390nam a2200169Ia 4500
001 22421
003 IN-NITTTR
005 20251114233253.0
008 251113s9999||||xx |||||||||||||| ||eng||
040 _beng
040 _cIN-NITTTR
041 _aeng
082 _a666.156 H1O
100 _aHradaynath, R.
245 0 _aOptical workshop technology. /
_cHradaynath, R.
942 _2ddc
_cBK
999 _c25050
_d25050